[Event "103rd Marshall Chess Club-ch 2019"]
[Site "New York"]
[Date "2019.11.15"]
[Round "4"]
[White "Niemann, Hans Moke"]
[Black "Panjwani, Raja"]
[Result "1-0"]
[WhiteElo "2436"]
[BlackElo "2450"]
[Annotator "TA"]
[PlyCount "57"]
[EventDate "2019.11.14"]
[EventType "tourn"]
[EventCountry "USA"]
[SourceTitle "playchess.com"]
[Source "ChessBase"]
[SourceQuality "1"]

{[%evp 9,101,22,69,20,20,0,13,22,22,24,56,11,16,15,48,49,61,68,58,54,86,85,135,135,112,88,86,79,126,91,95,0,48,52,54,56,52,49,80,30,57,7,118,0,6,0,-3,0,0,-74,-72,-79,-83,-61,-31,-40,-35,-38,-25,-26,0,0,0,0,0,0,211,211,205,205,220,217,217,210,301,294,251,220,408,407,638,634,878,879,820,857,920,931,1014,1015,986,947,945,947]} 1. d4 d5 2. c4 dxc4 3. e4 Nf6 4. e5 Nd5 5. Bxc4 Bf5 6. Ne2 {D20: Queen's Gambit Accepted: 3 e3 and 3 e4} (6. Qb3 $5 {[%cal Rc4d5]} c6 7. Nc3 $16 (7. Qxb7 Nb6 $15)) 6... e6 7. a3 (7. Nbc3 Nb6 8. Bb5+ Nc6 9. Ng3 Bg6 10. h4 h5 11. Nge2 Bf5 12. Ng3 Bg6 13. Nge2 Bf5 14. Ng3 Bg6 {½-½ (14) Mamedyarov,S (2764)-So,W (2776) Saint Louis 2019}) 7... Be7 8. Nbc3 $146 {The position is equal.} ({Predecessor:} 8. O-O O-O 9. Nbc3 Nxc3 10. bxc3 c5 11. Be3 Nd7 12. Ng3 Bg6 13. f4 cxd4 14. cxd4 {0-1 (28) Voege,T (2294)-Carow,J (2445) Magdeburg 2019}) 8... Nb6 9. Ba2 O-O 10. O-O c5 $1 11. Be3 c4 12. Ng3 Bg6 13. Qg4 Nc6 14. Rad1 Kh8 15. Nh5 Na5 16. Nf4 Bf5 17. Qf3 Bg5 18. d5 Bxf4 19. Bxf4 Bd3 {[%cal Re6d5]} 20. d6 (20. dxe6 $16 fxe6 21. Bxc4 $1 {[%mdl 576] Remove Defender} Nbxc4 22. Rxd3) 20... f6 21. Rxd3 {aiming for Re3.} fxe5 22. Rdd1 Rxf4 23. Qh3 Qf6 24. g3 Rd4 25. Bb1 {[%csl Gb1][%cal Rh3h7]} h6 {[#]} (25... Qh6 $1 $11 26. Qxh6 gxh6) 26. Ne4 (26. Rde1 $1 $16) 26... Qf5 $11 27. Qxf5 exf5 28. Nc5 Rd8 29. f4 {Played: Nc5-e6} 1-0

[Event "103rd Marshall Chess Club-ch 2019"]
[Site "New York"]
[Date "2019.11.16"]
[Round "5"]
[White "Steingrimsson, Hedinn"]
[Black "Sturt, Raven"]
[Result "1-0"]
[WhiteElo "2549"]
[BlackElo "2466"]
[Annotator "ChessBase"]
[PlyCount "47"]
[EventDate "2019.11.14"]
[EventType "tourn"]
[EventCountry "USA"]
[SourceTitle "playchess.com"]
[Source "ChessBase"]
[SourceQuality "1"]
[TimeControl "40/5400+30:900+30"]

1. d4 {[%emt 0:00:00]} f5 {[%emt 0:00:01]} 2. Nf3 {[%emt 0:00:31]} Nf6 {[%emt 0:00:08]} 3. g3 {[%emt 0:00:04]} g6 {[%emt 0:00:08]} 4. Bg2 {[%emt 0:00:19]} Bg7 {[%emt 0:00:04]} 5. b3 {[%emt 0:00:05]} O-O {[%emt 0:00:15]} 6. O-O {[%emt 0:00:23]} b6 {[%emt 0:01:54]} 7. Ne5 {[%emt 0:01:59]} c6 {[%emt 0:00:11]} 8. Nd2 {[%emt 0:02:07]} Qe8 {[%emt 0:08:16]} 9. Bb2 {[%emt 0:01:24]} d6 {[%emt 0:03:23]} 10. Nd3 {[%emt 0:00:58]} Na6 {[%emt 0:03:49]} 11. Re1 {[%emt 0:06:32]} Nc7 {[%emt 0:03:46]} 12. c4 {[%emt 0:08:07]} Ne6 {[%emt 0:05:33]} 13. e4 {[%emt 0:09:03]} fxe4 {[%emt 0:01:50]} 14. Nxe4 {[%emt 0:00:00]} Nxe4 {[%emt 0:11:37]} 15. Rxe4 {[%emt 0:00:01]} Ng5 {[%emt 0:00:09]} 16. Re3 {[%emt 0:00:04]} Nh3+ {[%emt 0:01:03]} 17. Bxh3 {[%emt 0:03:29]} Bxh3 {[%emt 0:00:26]} 18. g4 {[%emt 0:00:00]} c5 {[%emt 0:04:39]} 19. d5 {[%emt 0:08:46]} Bxb2 {[%emt 0:02:37]} 20. Nxb2 {[%emt 0:00:00]} Qf7 {[%emt 0:00:06]} 21. Nd3 {[%emt 0:00:02]} Bxg4 {[%emt 0:02:05]} 22. Qxg4 {[%emt 0:00:02]} Kh8 {[%emt 0:00:08]} 23. Rae1 {[%emt 0:00:07]} Rae8 {[%emt 0:00:04]} 24. Qg5 {[%emt 0:01:00]} 1-0

[Event "103rd Marshall Chess Club-ch 2019"]
[Site "New York"]
[Date "2019.11.16"]
[Round "5"]
[White "Barbosa, Oliver"]
[Black "Khamrakulov, Djurabek"]
[Result "1/2-1/2"]
[WhiteElo "2532"]
[BlackElo "2517"]
[Annotator "ChessBase"]
[PlyCount "62"]
[EventDate "2019.11.14"]
[EventType "tourn"]
[EventCountry "USA"]
[SourceTitle "playchess.com"]
[Source "ChessBase"]
[SourceQuality "1"]
[TimeControl "40/5400+30:900+30"]

1. d4 {[%emt 0:00:00]} d5 {[%emt 0:00:18]} 2. c4 {[%emt 0:00:20]} dxc4 {[%emt 0:00:17]} 3. e3 {[%emt 0:00:27]} Nf6 {[%emt 0:00:51]} 4. Bxc4 {[%emt 0:00:07]} e6 {[%emt 0:00:14]} 5. Nf3 {[%emt 0:00:08]} a6 {[%emt 0:00:29]} 6. O-O {[%emt 0:00:35]} c5 {[%emt 0:00:13]} 7. dxc5 {[%emt 0:00:26]} Bxc5 {[%emt 0:00:18]} 8. Qxd8+ {[%emt 0:00:38]} Kxd8 {[%emt 0:00:05]} 9. b3 {[%emt 0:00:40]} Ke7 {[%emt 0:00:28]} 10. Bb2 {[%emt 0:00:43]} Nbd7 {[%emt 0:00:39]} 11. Nbd2 {[%emt 0:00:30]} b6 {[%emt 0:00:43]} 12. Rfd1 {[%emt 0:00:37]} Bb7 {[%emt 0:00:29]} 13. Rac1 {[%emt 0:00:24]} Rac8 {[%emt 0:00:27]} 14. Kf1 {[%emt 0:00:17]} Bd6 {[%emt 0:00:42]} 15. Be2 {[%emt 0:00:22]} b5 {[%emt 0:00:55]} 16. a4 {[%emt 0:01:16]} bxa4 {[%emt 0:01:57]} 17. bxa4 {[%emt 0:00:07]} Bb4 {[%emt 0:01:18]} 18. a5 {[%emt 0:13:24]} Rxc1 {[%emt 0:03:01]} 19. Rxc1 {[%emt 0:00:19]} Rc8 {[%emt 0:01:11]} 20. Rxc8 {[%emt 0:02:06]} Bxc8 {[%emt 0:00:01]} 21. Nc4 {[%emt 0:00:07]} Bb7 {[%emt 0:01:14]} 22. Nd4 {[%emt 0:01:10]} Ne4 {[%emt 0:01:47]} 23. Nc2 {[%emt 0:04:22]} Nd2+ {[%emt 0:00:57]} 24. Nxd2 {[%emt 0:00:07]} Bxd2 {[%emt 0:00:07]} 25. Ba3+ {[%emt 0:00:48]} Kd8 {[%emt 0:00:43]} 26. Nb4 {[%emt 0:02:10]} Ne5 {[%emt 0:01:49]} 27. Nxa6 {[%emt 0:00:40]} Bxa5 {[%emt 0:01:03]} 28. Nc5 {[%emt 0:00:43]} Bc8 {[%emt 0:02:07]} 29. Ne4 {[%emt 0:01:21]} f5 {[%emt 0:07:19]} 30. Nd6 {[%emt 0:00:59]} Bc7 {[%emt 0:00:29]} 31. Nxc8 {[%emt 0:01:52]} Kxc8 {[%emt 0:00:01]} 1/2-1/2

[Event "103rd Marshall Chess Club-ch 2019"]
[Site "New York"]
[Date "2019.11.16"]
[Round "5"]
[White "Panjwani, Raja"]
[Black "Yudasin, Leonid"]
[Result "0-1"]
[WhiteElo "2450"]
[BlackElo "2507"]
[Annotator "TA"]
[PlyCount "84"]
[EventDate "2019.11.14"]
[EventType "tourn"]
[EventCountry "USA"]
[SourceTitle "playchess.com"]
[Source "ChessBase"]
[SourceQuality "1"]

{[%evp 19,138,45,48,47,57,58,58,47,43,47,30,35,30,18,8,10,11,10,22,22,20,13,35,34,52,37,39,40,48,52,29,25,22,21,25,27,25,25,25,0,0,0,0,0,0,0,0,-33,-49,-30,-43,-164,-116,-172,-172,-196,-171,-168,-151,-170,-176,-233,-206,-233,-220,-243,-219,-312,-312,-419,-295,-294,-259,-299,-297,-284,-267,-266,-266,-267,-265,-276,-266,-267,-267,-257,-253,-267,-267,-341,-335,-326,-322,-457,-444,-452,-431,-713,-700,-787,-766,-787,-777,-699,-684,-856,-765,-966,-651,-644,-633,-837,-597,-1485,-1396,-5604,-1086,-678,-652,-4702,-618]} 1. Nf3 c5 2. c4 Nf6 3. Nc3 e6 4. d4 cxd4 5. Nxd4 a6 6. e4 d6 7. Be2 Be7 8. O-O O-O 9. Be3 Nc6 10. Qd2 Bd7 11. Rfd1 {B54: Sicilian: 2...d6 3 d4 cxd4 4 Nxd4, Unusual Lines} Rc8 12. Nxc6 (12. f3 Qc7 13. Rac1 Qb8 14. Nxc6 Bxc6 15. a4 b6 16. Qe1 Nd7 17. Rb1 Bb7 18. Qg3 Rfe8 19. Bd4 Bf8 20. Bf1 Qc7 21. Kh1 Ne5 22. b3 Nd7 23. Rd2 {½-½ (23) Jovanovic,Z (2540)-Galic,I (2416) Biograd 2018}) 12... Bxc6 13. f3 {White is slightly better.} Qc7 14. Bd4 Rfd8 15. a4 $146 ({Predecessor:} 15. Rac1 Qb8 16. Bb6 Re8 17. b4 Nd7 18. Bd4 {0-1 (26) Mutlu,B (1759)-Olde,M (2059) Prague 2016}) 15... b6 16. Qe3 Nd7 17. Qf2 a5 18. Qg3 {[%csl Gd4][%cal Rg3g7]} Bf6 19. Bxf6 Nxf6 20. Rd2 Ne8 21. Rad1 Rb8 22. Qh4 Rd7 23. Kf1 Qd8 24. Qf4 e5 25. Qe3 Nc7 26. Nb5 Ne6 27. b3 Bxb5 28. cxb5 Nd4 29. Rxd4 exd4 30. Qxd4 Qc7 31. Qd5 Rc8 32. f4 {Threatens to win with Bg4.} Rdd8 33. Bg4 Rb8 34. Qc6 Qe7 {Strongly threatening ...Qh4.} 35. Qd5 (35. g3 $15) 35... Qh4 36. h3 (36. Qh5 $17 Qe7 37. g3) 36... Qg3 $19 37. Kg1 Qxf4 38. Rf1 Qe3+ 39. Kh2 Rf8 40. Qxd6 (40. Bd7 $142) 40... Qxe4 ({Worse is} 40... Qxb3 {[#]} 41. Rxf7 $1 {[%mdl 512]} Qb4 42. Rxg7+ Kxg7 43. Qe5+ Kg6 44. Bf5+ Kh6 45. Qf4+ Kg7 46. Qe5+ Kh6 47. Qf4+ Kg7 48. Qe5+ Kh6 $11) 41. Bf5 Qe8 42. Bd7 Rd8 {Played: Qe8-d8} 0-1

[Event "103rd Marshall Chess Club-ch 2019"]
[Site "New York"]
[Date "2019.11.16"]
[Round "5"]
[White "Korley, Kassa"]
[Black "Niemann, Hans Moke"]
[Result "1/2-1/2"]
[WhiteElo "2447"]
[BlackElo "2436"]
[Annotator "ChessBase"]
[PlyCount "79"]
[EventDate "2019.11.14"]
[EventType "tourn"]
[EventCountry "USA"]
[SourceTitle "playchess.com"]
[Source "ChessBase"]
[SourceQuality "1"]
[TimeControl "40/5400+30:900+30"]

1. d4 {[%emt 0:00:00]} Nf6 {[%emt 0:00:01]} 2. c4 {[%emt 0:00:01]} e6 {[%emt 0:00:05]} 3. Nc3 {[%emt 0:00:03]} Bb4 {[%emt 0:00:29]} 4. g3 {[%emt 0:00:05]} d5 {[%emt 0:03:11]} 5. Bg2 {[%emt 0:00:03]} O-O {[%emt 0:00:05]} 6. a3 {[%emt 0:00:13]} Bxc3+ {[%emt 0:01:01]} 7. bxc3 {[%emt 0:00:00]} c5 {[%emt 0:01:33]} 8. cxd5 {[%emt 0:13:10]} exd5 {[%emt 0:00:49]} 9. e3 {[%emt 0:14:45]} Bf5 {[%emt 0:08:19]} 10. Ne2 {[%emt 0:03:30]} Nc6 {[%emt 0:03:10]} 11. O-O {[%emt 0:01:14]} c4 {[%emt 0:00:20]} 12. f3 {[%emt 0:07:16]} h5 {[%emt 0:13:19]} 13. e4 {[%emt 0:12:47]} dxe4 {[%emt 0:08:21]} 14. fxe4 {[%emt 0:00:00]} Bxe4 {[%emt 0:00:15]} 15. Bg5 {[%emt 0:00:24]} Bd3 {[%emt 0:01:29]} 16. Bxf6 {[%emt 0:01:47]} gxf6 {[%emt 0:00:53]} 17. Rf2 {[%emt 0:04:51]} Qa5 {[%emt 0:00:04]} 18. Qd2 {[%emt 0:04:35]} Qg5 {[%emt 0:00:31]} 19. Nf4 {[%emt 0:00:15]} Bh7 {[%emt 0:00:08]} 20. h4 {[%emt 0:02:50]} Qh6 {[%emt 0:00:11]} 21. Raf1 {[%emt 0:03:27]} Rad8 {[%emt 0:00:01]} 22. Qe2 {[%emt 0:02:17]} Rfe8 {[%emt 0:01:21]} 23. Qxc4 {[%emt 0:01:20]} Ne7 {[%emt 0:00:11]} 24. Nd5 {[%emt 0:11:13]} Nxd5 {[%emt 0:00:05]} 25. Bxd5 {[%emt 0:00:01]} Qg7 {[%emt 0:00:04]} 26. Bxb7 {[%emt 0:03:37]} Rb8 {[%emt 0:07:34]} 27. Qc7 {[%emt 0:03:35]} Kh8 {[%emt 0:01:43]} 28. Kh2 {[%emt 0:02:43]} Bd3 {[%emt 0:02:55]} 29. Re1 {[%emt 0:03:46]} f5 {[%emt 0:00:00]} 30. Re7 {[%emt 0:01:30]} Rxe7 {[%emt 0:00:08]} 31. Qxb8+ {[%emt 0:01:45]} Kh7 {[%emt 0:00:04]} 32. Bf3 {[%emt 0:01:11]} Qh6 {[%emt 0:00:16]} 33. Qf4 {[%emt 0:01:19]} Qxf4 {[%emt 0:00:07]} 34. gxf4 {[%emt 0:00:00]} Rc7 {[%emt 0:00:04]} 35. Bxh5 {[%emt 0:01:21]} Rxc3 {[%emt 0:00:59]} 36. Bxf7 {[%emt 0:00:03]} Kg7 {[%emt 0:00:36]} 37. Be6 {[%emt 0:00:00]} Kf6 {[%emt 0:00:11]} 38. Bg8 {[%emt 0:00:40]} Be4 {[%emt 0:00:42]} 39. h5 {[%emt 0:00:02]} Rc1 {[%emt 0:00:09]} 40. Kh3 {[%emt 0:01:34]} 1/2-1/2

[Event "103rd Marshall Chess Club-ch 2019"]
[Site "New York"]
[Date "2019.11.16"]
[Round "5"]
[White "Krush, Irina"]
[Black "Paragua, Mark"]
[Result "0-1"]
[WhiteElo "2424"]
[BlackElo "2496"]
[Annotator "TA"]
[PlyCount "80"]
[EventDate "2019.11.14"]
[EventType "tourn"]
[EventCountry "USA"]
[SourceTitle "playchess.com"]
[Source "ChessBase"]
[SourceQuality "1"]

{[%evp 9,118,34,51,42,39,39,51,56,47,28,45,16,10,13,21,-39,-36,-42,-38,-39,-38,-41,-42,-39,-32,-100,-76,-92,-100,-98,-106,-102,-109,-119,-117,-129,-116,-102,-68,-87,-81,-95,-88,-118,-105,-100,-100,-166,-166,-166,-157,-157,-159,-157,-158,-150,-143,-166,-158,-169,-169,-157,-176,-169,-168,-170,-177,-208,-199,-241,-229,-233,-205,-205,-205,-205,-205,-234,-227,-354,-350,-350,-350,-350,-350,-346,-331,-306,-301,-291,-291,-6420,-6281,-6635,-6429,-5602,-5595,-5155,-2537,-7100,-6975,-29965,-29968,-29958,-146,-146,-146,-29987,-29988,-29988,-29988]} 1. d4 Nf6 2. c4 g6 3. Nc3 d5 4. Bg5 Ne4 5. Bh4 c6 (5... Nxc3 6. bxc3 dxc4 7. e3 Be6 8. Nf3 Bg7 9. Qb1 b6 10. Ng5 Bd5 11. e4 h6 12. Nh3 Bb7 13. Bxc4 c5 14. Nf4 Qd7 15. e5 e6 16. O-O cxd4 17. Bf6 Bxf6 18. exf6 {0-1 (44) Wei,Y (2736)-Vachier Lagrave,M (2780) Abidjan 2019}) 6. e3 {D80: Grünfeld: Unusual White 4th moves and 4 Bg5} Qa5 7. cxd5 Nxc3 8. Qd2 {[%mdl 64] Pin. White is slightly better.} e6 9. bxc3 {aiming for dxc6.} cxd5 10. Nf3 b6 11. Bf6 $146 ({Predecessor:} 11. Ne5 Nd7 12. f4 Ba6 13. Bd3 Bxd3 14. Qxd3 {½-½ (69) Gilevich,A (2422)-Marin,M (2529) Erice 2017}) 11... Rg8 12. Ne5 ({White should play} 12. Bd3 $11) 12... Nd7 $1 $15 {[%cal Rd7f6]} 13. Nxd7 $1 Bxd7 14. Bd3 Rc8 15. O-O Qxc3 16. Qe2 $1 Be7 $36 {[%mdl 2048] Black fights for an advantage.} 17. Be5 (17. Bxe7 $1 $15 Kxe7 18. a4) 17... f6 18. Bg3 Qa3 19. e4 dxe4 20. Bxe4 Kf7 21. Bb7 Rc3 22. Rfe1 Bd6 23. Qd2 Bxg3 24. hxg3 Rd8 25. Qh6 Kg8 26. Rac1 Rxc1 27. Rxc1 Qd6 28. Qf4 (28. Qe3 $17 {was necessary.}) 28... Qxf4 $19 29. gxf4 {[%mdl 4096] Endgame KRB-KRB} Be8 30. Bc8 Bf7 31. Rc7 Rxd4 32. Rxa7 Rxf4 33. Ra8 Kg7 $1 34. Ra7 {Bxe6 is the strong threat.} Kf8 $1 35. Ra8 e5 36. Rb8 Rb4 37. a3 Rb2 38. Ba6+ Be8 39. a4 {Hoping for Bb5.} Ke7 40. a5 b5 {Played: Rb2-a2} 0-1

[Event "103rd Marshall Chess Club-ch 2019"]
[Site "New York"]
[Date "2019.11.16"]
[Round "6"]
[White "Barbosa, Oliver"]
[Black "Panjwani, Raja"]
[Result "1-0"]
[WhiteElo "2532"]
[BlackElo "2450"]
[Annotator "TA"]
[PlyCount "77"]
[EventDate "2019.11.14"]
[EventType "tourn"]
[EventCountry "USA"]
[SourceTitle "playchess.com"]
[Source "ChessBase"]
[SourceQuality "1"]

{[%evp 22,77,15,9,27,0,66,56,67,64,60,58,116,70,155,161,146,156,152,70,61,35,37,42,77,83,95,98,118,113,126,104,319,327,327,312,947,872,1022,524,524,501,29980,29981,29990,29991,29991,29992,29992,29993,29993,29993,29993,29992,29994,29995,29996,29997]} 1. Nf3 d5 2. d4 Nf6 3. c4 dxc4 4. e3 e6 5. Bxc4 c5 6. O-O cxd4 7. exd4 Be7 8. Nc3 O-O 9. Re1 Nc6 10. a3 b6 11. Qd3 Bb7 12. Bg5 Rc8 {E57: Nimzo-Indian: Rubinstein: Main Line: 7...Nc6 8 a3 dxc4 9 Bxc4 cxd4} (12... h6 13. Bxf6 Bxf6 14. Rad1 Ne7 15. Ne4 Nf5 16. Ba2 Re8 17. Bb1 g6 18. g4 Nh4 19. Nxh4 Bxh4 20. Qe3 {0-1 (44) Short,N (2655)-Vallejo Pons,F (2700) Madrid 2016}) 13. Rad1 Na5 ({Better is} 13... h6 $11) 14. Ba2 $1 $14 Re8 {White is slightly better.} 15. Ne5 {Black must now prevent Nxf7!} Nd5 $146 ({Predecessor:} 15... g6 16. Qh3 h5 17. Nxf7 Kxf7 18. Qxe6+ Kg7 19. Qf7+ Kh8 20. Rxe7 {1-0 (20) Naumkin,I (2435)-Dallaglio,G (2055) Bozen 1998}) 16. Bd2 Bf8 ({Black should play} 16... Bg5 $14) 17. Ne4 {[%cal Bc3e4,Be4g5,Bg5f7][%mdl 32]} ({But not} 17. Nxd5 $6 Bxd5 18. Bxd5 (18. Bb1 g6 $11) 18... Qxd5 $11) 17... f5 (17... Be7 $14) 18. Ng5 $16 {aiming for Ng6!} h6 19. Ngf7 $40 {[%mdl 128] White has strong attack.} Qf6 20. g4 ({White should try} 20. Qh3 $16) 20... Nc6 $1 $14 21. Bb1 Nxe5 22. Nxe5 {[%cal Rg4f5]} Ne7 23. Qg3 {And now g5 would win.} Nc6 24. g5 Qd8 25. gxh6 Nxe5 26. dxe5 {Hoping for Bb4.} Qd5 $2 {[#]} (26... Qc7 $16) 27. Be4 $1 $18 {[%cal Re4d5][%mdl 512]} fxe4 28. Bb4 {[%mdl 64] Discovered Attack} e3 $2 (28... Qc6) 29. Rxd5 exf2+ 30. Qxf2 Bxd5 31. Rf1 {Qf7+ would kill now.} Kh7 (31... gxh6 $18 32. Qf6 Bg7) 32. Qg3 {White mates.} Kxh6 33. Qh3+ Kg6 34. Qd3+ Kh6 35. Bd2+ g5 36. Rf6+ Kg7 37. Qg6+ Kh8 38. Rf7 {[%csl Gf7][%cal Rg6h7]} Bc5+ {[#]} 39. Kf1 $1 {Accuracy: White = 81%, Black = 29%.} 1-0

[Event "103rd Marshall Chess Club-ch 2019"]
[Site "New York"]
[Date "2019.11.16"]
[Round "6"]
[White "Khamrakulov, Djurabek"]
[Black "Sturt, Raven"]
[Result "1-0"]
[WhiteElo "2517"]
[BlackElo "2466"]
[Annotator "TA"]
[PlyCount "77"]
[EventDate "2019.11.14"]
[EventType "tourn"]
[EventCountry "USA"]
[SourceTitle "playchess.com"]
[Source "ChessBase"]
[SourceQuality "1"]

{[%evp 11,76,53,52,30,34,33,33,1,23,26,27,0,3,0,22,0,0,0,0,0,0,0,0,-17,-15,-10,0,0,0,0,6,0,6,0,26,6,2,1,8,-9,12,22,25,16,33,0,0,0,0,0,0,0,14,45,1061,1108,4978,2629,1622,947,895,752,29997,29998,29998,29999,29999]} 1. e4 d5 2. exd5 Nf6 3. d4 Nxd5 4. Nf3 Bg4 5. Be2 Nc6 6. O-O e6 7. Nc3 {B01: Scandinavian Defence} (7. h3 Bh5 8. c4 Nb6 9. Be3 Bxf3 10. Bxf3 Nxc4 11. Qa4 Nb6 12. Bxc6+ bxc6 13. Qxc6+ Qd7 14. Qf3 Bd6 15. Nc3 O-O 16. Rac1 Rfb8 {1-0 (28) Volokitin,A (2636)-Shishkov,A (2390) Riga 2019}) 7... Nxc3 8. bxc3 Be7 9. Be3 $146 {White is slightly better.} ({Predecessor:} 9. Rb1 Rb8 10. h3 Bh5 11. Be3 O-O 12. c4 b6 13. Qd2 {0-1 (43) Latorre Abad,F (2069)-Palacios Latasa,E (2232) Aragon 2014}) 9... Bf6 10. h3 Bf5 11. c4 O-O 12. c3 Qd7 13. Nd2 Rad8 14. Nb3 h6 15. f4 b6 16. Bf3 Bh7 17. Qe2 Ne7 18. g4 Nc8 19. c5 Qa4 20. Rad1 Be7 21. d5 exd5 22. Bxd5 bxc5 23. Nxc5 Qc2 24. Qf3 {White wants to play Bd4.} Qxc3 25. Rc1 Qa3 {Strongly threatening ...Rxd5!} 26. Bb3 Nb6 27. f5 a5 {[%cal Ba7a5,Ba5a4,Ba4b3][%mdl 32]} 28. Nb7 Rd3 {And now ...Nd5! would win.} 29. Qe4 $36 {[%mdl 2048] [#] White has the initiative.} ({Much worse is} 29. Rxc7 Rxe3 30. Qxe3 Nd5 $19) 29... Rxe3 $1 {[%mdl 512]} 30. Qxe3 {Black must now prevent Rc3.} a4 $1 {[%cal Ra4b3]} 31. Rfe1 $1 ({But not} 31. Rxc7 $2 Nd5 $19) 31... axb3 32. Qxe7 Qxa2 $2 {[%mdl 8192] [#]} (32... Qa7 $14) 33. Rcd1 $1 $18 {White wants to mate with Qxf8+!} g5 34. Rd8 {[%csl Gd8][%cal Re7f8]} Nd7 35. Qxd7 {Threatening mate with Rxf8+.} Qa7+ 36. Qd4 Qxb7 37. Rxf8+ {[%mdl 64] Overworked Piece. White mates.} Kxf8 38. Qh8+ {[%mdl 64] Double Attack} Bg8 39. Qxh6# {Accuracy: White = 53%, Black = 52%.} 1-0

[Event "103rd Marshall Chess Club-ch 2019"]
[Site "New York"]
[Date "2019.11.16"]
[Round "6"]
[White "Yudasin, Leonid"]
[Black "Korley, Kassa"]
[Result "0-1"]
[WhiteElo "2507"]
[BlackElo "2447"]
[Annotator "TA"]
[PlyCount "166"]
[EventDate "2019.11.14"]
[EventType "tourn"]
[EventCountry "USA"]
[SourceTitle "playchess.com"]
[Source "ChessBase"]
[SourceQuality "1"]

{[%evp 13,170,33,27,33,38,31,24,20,23,16,16,13,6,-34,-26,-29,-19,-45,-45,-32,-31,-29,-20,-50,-31,-29,-28,-35,-10,-20,-21,-22,0,0,0,-7,0,0,0,0,-12,-31,-30,-90,-89,-82,-82,-108,-102,-122,-106,-133,-139,-145,-141,-145,-145,-133,-135,-144,-146,-140,-146,-134,-122,-123,-102,-98,-97,-116,-116,-133,-133,-133,-127,-132,-120,-151,-107,-163,-145,-168,-163,-180,-135,-127,-72,-124,-127,-350,-331,-316,-316,-310,-147,-160,-102,-199,-199,-258,-254,-343,-304,-350,-322,-505,-551,-527,-486,-526,-517,-537,-539,-459,-517,-508,-539,-466,-449,-429,0,-429,-234,-212,0,-361,-266,-266,-266,-657,-657,-657,-657,-657,-654,-585,-560,-1136,-679,-671,-662,-1905,-1717,-1411,-1390,-29969,-29971,-29972,-29973,-29978,-29979,-29976,-29976,-29975,-29977,-29976,-29978,-29978,-29979]} 1. e4 e5 2. Nf3 Nc6 3. Bc4 Nf6 4. d3 Be7 5. O-O O-O 6. Re1 d6 7. a4 Na5 8. Ba2 {C55: Two Knights: 4 d3, 4 d4 exd4 5 e5 and Max Lange Attack} c5 9. Nbd2 $146 (9. c3 Nc6 10. Nbd2 h6 11. Nf1 Re8 12. h3 Bf8 13. Ne3 Be6 14. Bxe6 Rxe6 15. Nd5 Re8 16. Nxf6+ Qxf6 {½-½ (30) Jakovenko,D (2719)-Yu,Y (2751) Shenzhen 2019}) ({Predecessor:} 9. c3 Nc6 10. Na3 h6 11. h3 Re8 12. Nc4 {½-½ (41) Van Foreest,J (2614)-Stevic,H (2587) Skopje 2018}) 9... Nc6 10. Nc4 {White has an edge.} Be6 11. c3 h6 12. h3 Re8 13. Ne3 Bxa2 14. Rxa2 d5 15. exd5 Nxd5 16. Nc4 Bf6 17. a5 Qd7 18. Qb3 Rad8 19. Ra1 Re6 20. Bd2 a6 21. Be3 Be7 22. Qa3 Nc7 23. Qb3 (23. Bxc5 $2 Nb5 $19) 23... Nb5 24. Rad1 Qc7 25. Qa2 Bf8 26. Nb6 Rde8 27. Nd2 Nxa5 28. Qxa5 (28. Nd5 $11 Qd8 29. Ne4) 28... Qxb6 29. Qxb6 Rxb6 30. Ne4 Rc6 31. c4 Nc7 32. f4 exf4 33. Bxf4 Ne6 34. Be3 Rd8 35. Nc3 Rb6 36. Rd2 Rb3 37. Nd5 Bd6 38. Kf1 Bg3 39. Bf2 Bf4 40. Nxf4 Nxf4 41. Bxc5 Ne6 42. Be3 Rdxd3 43. Rxd3 Rxd3 $17 {[%mdl 4096] Endgame KRB-KRN} 44. Re2 g5 45. Kf2 h5 46. Rc2 (46. b4 $17 {might work better.}) 46... Kg7 47. c5 Rb3 $1 48. Bc1 Rb5 49. c6 Rf5+ (49... bxc6 $142 $1 50. Rxc6 a5) 50. Kg1 (50. Ke3 $142 bxc6 51. Rxc6) 50... bxc6 51. Rxc6 $2 (51. b4 $17) 51... Nd4 $19 52. Rc4 Ne2+ 53. Kh2 {[#]} Nxc1 (53... g4 $1 $19 {[%mdl 512] and Black stays clearly on top. ( -> ...g3+)} 54. hxg4 hxg4 55. Rxg4+ Kf6) 54. Rxc1 {[#] KR-KR} Rb5 (54... a5 $142 $1 55. b3 Rb5) 55. Rc2 (55. h4 $17 {is a better defense.}) 55... h4 56. Kg1 (56. b4 {was worth a try.}) 56... a5 {[%cal Ba6a5,Ba5a4][%mdl 32]} 57. Kf2 Kg6 58. Ke3 Rb3+ 59. Kd4 (59. Ke2 {was called for.}) 59... a4 60. Ke5 f6+ 61. Ke4 Rg3 62. Rd2 f5+ 63. Ke5 Re3+ 64. Kd4 f4 65. Rc2 Kh5 66. Rf2 Kg6 67. Rc2 Rb3 (67... Kf6 $142 68. Rc6+ Ke7) 68. Ke4 Re3+ (68... Rb5 $142 69. Rc6+ Kf7) 69. Kd4 {White hopes to continue with Rc6+.} Kf6 70. Rc6+ Re6 71. Rc2 $2 {[#]} (71. Rc4) 71... g4 $1 {[%mdl 512]} 72. hxg4 Kg5 73. Rc8 {intending Rg8+.} Rg6 74. Ke5 Kxg4 75. Rc4 Rg5+ 76. Ke4 Rg8 77. Rxa4 Re8+ 78. Kd3 Re3+ 79. Kd2 Rg3 {Black mates.} 80. Ke2 Rxg2+ 81. Kf1 h3 82. Ra8 f3 83. Rg8+ {[#]} Kh4 {Played: Kg4-f4} 0-1